000
00270nam a22001337a 4500
999
_c
161006
_d
161006
020
_a
082
_a
_b
100
_a
Mohan Rakesh
245
_a
Complete plays/
_c
by Mohan Rakesh .
260
_a
_b
Rajpal,
_c
2006.
300
_a
464p.
650
_a
942
_c
BK